A doctor in the house : the memoirs of Tun Mahathir Mohamed

Bibliographic Details
Main Author: Mahathir Mohamed 1925-
Format: Book
Published: Petaling Jaya : MPH Group Pub. , 2011
Subjects:

MARC

LEADER 00000cam a2200000 7i4500
001 0000003780
005 20110621.0
020 0 0 |a 9676115347 
090 0 0 |a 923.2595   |b MAHA 2011 
100 0 0 |a Mahathir Mohamed   |c 1925- 
245 1 0 |a A doctor in the house :   |b the memoirs of Tun Mahathir Mohamed   |c Tun Mahathir Mohamed 
260 0 0 |a Petaling Jaya :   |b MPH Group Pub. ,   |c 2011 
300 |a xi843p. ;   |c 25 cm. 
600 0 0 |a Mahathir Mohamed ,   |c Tun ,   |d 1925- 
650 0 0 |a Autobiography 
650 0 0 |a Ex-prime ministers   |z Malaysia   |x Bibliography 
998 |a JPSM 
999 |a 007639   |b Monograph   |c Open Shelf   |e Default branch